000 00852nam a22002897a 4500
001 BR2011002372
003 BR-BrBNA
005 20230928103715.0
007 ta
008 230509b bl.||||| |||| 00| 0 por d
040 _aBR-BrBNA
_bpor
_cBiblioteca Nacional de Agricultura
041 _a(Por)
072 _aJ11
_b1622
090 _ 1622 BR2011002372
110 1 _aCompanhia Brasileira de Alimentos, Brasília, DF (Brasil). Coord. de Desenvolvimento de Recursos Humanos
_92303
245 1 _aTreinamento para produtores: repolho
260 3 _aBrasília, DF (Brasil):
_c[nd].
300 _a8 p.
500 _aPublished 1980?; 34 illus
650 _aCOLHEITA
650 _aACONDICIONAMENTO
650 _aCOMERCIALIZAÇÃO
650 _aBENEFICIAMENTO
650 _aNORMALIZAÇÃO
909 _a202309
_bLucia
_c55
_dLucia Elande
942 _cBK
999 _c76256
_d76256